Statistics for Mountains of Switzerland that aren't in the Alps

Click here to take the quiz!

General Stats

  • This quiz has been taken 13 times
  • The average score is 4 of 10

Answer Stats

Hint Answer % Correct
This mountain overlooks the city of Lucerne.Pilatus
83%
This mountain lies parallel to the Lake of Bien and from the top you can see not only the Lake of Bien but also the Lake of Neuchatel and the Lake of Murten in front of the Alps.Chasseral
83%
Also in the Jura, this mountain is named after the French word for "root."Racine
50%
Almost part of the Alps, this mountain is known for its pyramid shape.Niesen
50%
This mountain lies between the Walensee Lake and the District of Appenzell.Santis
50%
Named the "Black Mountain," this peak resides near the Lake Leman.Noirmont
33%
Separating the two cantons of Vaud and Fribourg, this mountain has a very narrow ridge and it's name is made up of two words.Vanil Noir
17%
This is probably one of the most famous mountains in the Jura region in western Switzerland. It has a unique horseshoe shaped cliff.Soliat
17%
This mountain overlooks the Castle of Gruyere and the Alps.Dent de Broc
17%
Located in the pre-Alps, this mountain overlooks the ski resort of Grindelwald.Reeti
17%

Score Distribution

Percentile by Number Answered

Percent of People with Each Score

Your Score History

You have not taken this quiz